书目信息 |
| 题名: |
全国小学生100分作文精品屋
|
|
| 作者: | 司徒汉 主编 | |
| 分册: | 三年级 | |
| 出版信息: | 北京 中国少年儿童出版社 1994 |
|
| 页数: | 147页 | |
| 开本: | 19cm | |
| 丛书名: | ||
| 单 册: | ||
| 中图分类: | H194.4 | |
| 科图分类: | 41.27 | |
| 主题词: | 作文--小学--选集 | |
| 电子资源: | ||
| ISBN: | 7-5007-2250-8 | |
| 000 | 00679nam0 2200229 45 | |
| 001 | 0196036084 | |
| 005 | 20070721101142.73 | |
| 010 | @a7-5007-2250-8@dCNY5.50 | |
| 100 | @a19960807d1994 cemy0chiy0121 ea | |
| 101 | 0 | @achi |
| 102 | @aCN@b110000 | |
| 105 | @af z 000yy | |
| 200 | 10 | @a全国小学生100分作文精品屋@AQUAN GUO XIAO XUE SHENG 100 FEN ZUO WEN JING PIN WU@h三年级@f司徒汉主编@FSI TU HAN ZHU BIAN |
| 210 | @a北京@c中国少年儿童出版社@d1994 | |
| 215 | @a147页@c插图@d19cm | |
| 314 | @a司徒汉,特级教师 | |
| 606 | @a作文@x小学@x选集 | |
| 690 | @aH194.4 | |
| 692 | @a41.27 | |
| 701 | 0 | @a司徒汉@ASI TU HAN@4主编 |
| 801 | 0 | @aCN@bTSSF@c20070721 |
| 905 | @a10447@dH194.4@e263 | |
| 全国小学生100分作文精品屋.三年级/司徒汉主编.-北京:中国少年儿童出版社,1994 |
| 147页:插图;19cm |
| ISBN 7-5007-2250-8:CNY5.50 |
| ● |
| 相关链接 |
|
|
|
|
正题名:全国小学生100分作文精品屋
索取号:H194.4/263
 
预约/预借
| 序号 | 登录号 | 条形码 | 馆藏地/架位号 | 状态 | 备注 |
| 1 | 0768345 | 207683452 | 第二样本阅览室/ [索取号:H194.4/263] | 在馆 |